000 00382nam a2200145Ia 4500
008 100122s9999 xx 000 0 und d
082 _b40709
_a823
100 _aदेसाई रणजित
245 _aअभोगी
260 _bअजब पुस्तकालय
_c1905
300 _a244
630 _aअभोगी
730 _aअभोगी
942 _cBOOK
999 _c421533
_d421530